Statistics for Super Smash Bros. Brawl Pokeball Pokemon: Gotta Name 'em All!

Click here to take the quiz!

General Stats

  • This quiz has been taken 156 times
  • The average score is 16 of 31

Answer Stats

Hint Answer % Correct
PsychicMew
81%
Fire/FlyingMoltres
70%
Psychic/DragonLatios
68%
Psychic/DragonLatias
68%
Grass/PsychicCelebi
63%
Fire/FlyingHo-oh
62%
WaterPiplup
61%
FireEntei
61%
GroundGroudon
61%
Psychic/FlyingLugia
61%
WaterKyogre
60%
Dark/IceWeavile
59%
Psychic/SteelMetagross
58%
NormalSnorlax
58%
GrassChikorita
57%
Psychic/SteelJirachi
55%
FairyTogepi
54%
WaterGoldeen
54%
NormalMeowth
50%
Psychic/FairyGardevoir
50%
FireTorchic
49%
WaterSuicune
49%
ElectricElectrode
44%
PsychicDeoxys
43%
WaterStaryu
39%
GrassBellossom
35%
NormalMunchlax
34%
PoisonGulpin
34%
RockBonsly
34%
WaterManaphy
26%
PsychicWobbuffet
21%

Score Distribution

Percentile by Number Answered

Percent of People with Each Score

Your Score History

You have not taken this quiz